I contratti di baliatico /

محفوظ في:

المؤلف الرئيسي: Manca Masciadri, Mariadele (مؤلف)

مؤلفون آخرون: Montevecchi, Orsolina.

التنسيق: كتاب

اللغة: Italian

منشور في: Milano : [publisher not identified], 1984.

سلاسل: Corpora papyrorum Graecarum ; 1.

الموضوعات:

الوسوم: إضافة وسم

لا توجد وسوم, كن أول من يضع وسما على هذه التسجيلة!

رقم الطلب: PA3343 .M36 v.1-2

LEADER 01077nam a22003017a 4500
003 OSt
005 20251006105431.0
008 251006m1984 it h g b 001 0 ita d
010 |a 86145553 
040 |c ARCE Library 
043 |a f-ua--- 
050 1 4 |a PA3343  |b .M36 v.1-2 
100 1 |a Manca Masciadri, Mariadele,  |e author  |9 35280 
245 1 0 |a I contratti di baliatico /   |c Mariadele Manca Masciadri, Orsolina Montevecchi. 
264 1 |a Milano :   |b [publisher not identified],   |c 1984. 
300 |a 2 volumes :   |b facsimiles ;   |c 24 cm. 
490 1 |a Corpora papyrorum Graecarum ;   |v 1. 
500 |a Errata slip inserted in volume 1. 
504 |a Includes bibliographical references (volume 1, pages [xxi]-xxvii) and indexs. 
505 2 |g volume 2 .  |t Tavole. 
650 0 |a Manuscripts, Greek (Papyri)  |z Egypt. 
650 0 |a Wet-nurses  |z Egypt  |x History  |v Sources.  |9 12058 
651 0 |a Egypt  |x History  |y To 640 A.D.  |v Sources. 
700 1 |a Montevecchi, Orsolina.  |9 36159 
830 0 |a Corpora papyrorum Graecarum ;   |v 1. 
901 |a reviewed 
942 |c BK  |2 lcc 
999 |c 22406  |d 22406